000 00553nam a22001817a 4500
005 20251108175018.0
008 250721s2011 xx 000 0 ara d
082 1 4 _a811.9565/بطي
100 1 _aبطيحة، إقبال محمد
_eمؤلف
245 1 0 _aكلم على شفتي وما أقوى قصائد /
264 1 _aعمان :
_bمكتبة أمية الطلابية،
_c2011.
300 _a173 ص.
650 1 7 _aالشعر العربي
650 1 7 _aالعصر الحديث
650 1 7 _aالأردن
942 _2ddc
_cBK
999 _c123920
_d123920